|
|
|
|
| LEADER |
00880pam a22002658a 4500 |
| 001 |
00038184 |
| 005 |
20171026081023.0 |
| 008 |
170515s2011 ||||||Viesd |
| 041 |
0 |
# |
|a Vie
|
| 082 |
1 |
4 |
|a 372.21
|b T103L
|
| 245 |
1 |
0 |
|a Tài liệu hướng dẫn sử dụng bộ chuẩn phát triển trẻ em 5 tuổi
|
| 260 |
# |
# |
|a Huế
|b [Huế]
|c 2011
|
| 300 |
# |
# |
|a 49 tr.
|c 24 cm
|
| 500 |
# |
# |
|a ĐTTS ghi: Bộ Giáo dục và đào tạo
|
| 653 |
# |
# |
|a Bộ chuẩn
|
| 653 |
# |
# |
|a Mầm non
|
| 653 |
# |
# |
|a Tài liệu
|
| 653 |
# |
# |
|a Sử dụng
|
| 653 |
# |
# |
|a Phát triển
|
| 852 |
# |
# |
|b Kho mượn
|j KM.0021669
|
| 852 |
# |
# |
|j KD.0020651
|j KM.0022569
|j KM.0023015
|j KM.0021669
|
| 852 |
# |
# |
|b Kho đọc
|j KD.0020651
|
| 910 |
|
|
|d 15/05/2017
|
| 980 |
# |
# |
|a Trung tâm Học liệu Lê Vũ Hùng, Trường Đại học Đồng Tháp
|